<?xml version="1.0" encoding="UTF-8"?>
<collection xmlns="http://www.loc.gov/MARC21/slim">
<record>
  <controlfield tag="001">100671</controlfield>
  <controlfield tag="005">20210520140814.0</controlfield>
  <datafield tag="037" ind1=" " ind2=" ">
    <subfield code="a">TESIS-2021-082</subfield>
  </datafield>
  <datafield tag="041" ind1=" " ind2=" ">
    <subfield code="a">spa</subfield>
  </datafield>
  <datafield tag="080" ind1=" " ind2=" ">
    <subfield code="a">61</subfield>
  </datafield>
  <datafield tag="100" ind1=" " ind2=" ">
    <subfield code="a">Ayala Ortiz de Solórzano, María Teresa</subfield>
  </datafield>
  <datafield tag="245" ind1="0" ind2="0">
    <subfield code="a">Calidad de vida y adherencia al tratamiento tras la realización de un programa de rehabilitación cardíaca en pacientes sometidos a cirugía cardíaca. Valoración inmediata y a medio-largo plazo</subfield>
  </datafield>
  <datafield tag="260" ind1=" " ind2=" ">
    <subfield code="a">Zaragoza</subfield>
    <subfield code="b">Universidad de Zaragoza, Prensas de la Universidad</subfield>
    <subfield code="c">2020</subfield>
  </datafield>
  <datafield tag="300" ind1=" " ind2=" ">
    <subfield code="a">270</subfield>
  </datafield>
  <datafield tag="490" ind1="0" ind2=" ">
    <subfield code="a">Tesis de la Universidad de Zaragoza</subfield>
    <subfield code="v">2021-82</subfield>
    <subfield code="x">2254-7606</subfield>
  </datafield>
  <datafield tag="500" ind1=" " ind2=" ">
    <subfield code="a">Presentado:  04 12 2020</subfield>
  </datafield>
  <datafield tag="502" ind1=" " ind2=" ">
    <subfield code="a">Tesis-Univ. Zaragoza,  , 2020</subfield>
    <subfield code="b">Zaragoza, Universidad de Zaragoza</subfield>
    <subfield code="c">2020</subfield>
  </datafield>
  <datafield tag="506" ind1=" " ind2=" ">
    <subfield code="b">Creative Commons</subfield>
    <subfield code="c">3.0</subfield>
    <subfield code="u">http://creativecommons.org/licenses/</subfield>
  </datafield>
  <datafield tag="520" ind1=" " ind2=" ">
    <subfield code="a">&lt;br /></subfield>
  </datafield>
  <datafield tag="521" ind1=" " ind2=" ">
    <subfield code="9">7084</subfield>
    <subfield code="a">Programa de Doctorado en Ciencias de la Salud y del Deporte</subfield>
  </datafield>
  <datafield tag="653" ind1="1" ind2=" ">
    <subfield code="a">rehabilitacion medica</subfield>
  </datafield>
  <datafield tag="653" ind1="1" ind2=" ">
    <subfield code="a">cardiologia</subfield>
  </datafield>
  <datafield tag="653" ind1="1" ind2=" ">
    <subfield code="a">calidad de vida</subfield>
  </datafield>
  <datafield tag="700" ind1=" " ind2=" ">
    <subfield code="a">Gomez Trullén, Eva María</subfield>
    <subfield code="e">dir.</subfield>
  </datafield>
  <datafield tag="700" ind1=" " ind2=" ">
    <subfield code="a">Lou Bonafonte, José Manuel</subfield>
    <subfield code="e">dir.</subfield>
  </datafield>
  <datafield tag="710" ind1="2" ind2=" ">
    <subfield code="a">Universidad de Zaragoza</subfield>
    <subfield code="b"></subfield>
  </datafield>
  <datafield tag="830" ind1=" " ind2=" ">
    <subfield code="9">496</subfield>
  </datafield>
  <datafield tag="856" ind1="0" ind2=" ">
    <subfield code="f">tdr@unizar.es</subfield>
  </datafield>
  <datafield tag="856" ind1="4" ind2=" ">
    <subfield code="s">3925849</subfield>
    <subfield code="u">http://zaguan.unizar.es/record/100671/files/TESIS-2021-082.pdf</subfield>
    <subfield code="z">Texto completo (spa)</subfield>
  </datafield>
  <datafield tag="909" ind1="C" ind2="O">
    <subfield code="o">oai:zaguan.unizar.es:100671</subfield>
    <subfield code="p">driver</subfield>
    <subfield code="p">tesis</subfield>
  </datafield>
  <datafield tag="910" ind1="2" ind2=" ">
    <subfield code="b"></subfield>
  </datafield>
  <datafield tag="980" ind1=" " ind2=" ">
    <subfield code="a">TESIS</subfield>
  </datafield>
</record>
</collection>